| 000 | 01260nam0a22002651 4500 | ||
|---|---|---|---|
| 001 | rc\1074190 | ||
| 005 | 20250622101602.0 | ||
| 035 | _a(NLR Aleph) 006233856 | ||
| 090 |
_a6600664 _c6600664 |
||
| 100 | _a20041129d1980 |||y0rusy50 ca | ||
| 101 | 0 | _arus | |
| 102 | _aRU | ||
| 105 | _aa ||||||||| | ||
| 200 | 1 |
_aРасчет переходных процессов систем автоматического управления с использованием ЦВМ типа НАИРИ _eМетод. разраб. по курсам "Теория автомат. упр.", "Автоматика и автоматизация произв. процессов" |
|
| 210 |
_aСаранск _cМорд. гос. ун-т. Рузаев. фил. _d1980 |
||
| 215 |
_a60 с. _cил. _d22 |
||
| 300 | _aВ надзаг.: М-во высш. и сред. спец. образования РСФСР, Морд. гос. ун-т им. Н.П. Огарева | ||
| 320 | _aБиблиогр.: с. 58 | ||
| 700 | 1 |
_aБойков _bА.Д. _gАлександр Дмитриевич |
|
| 701 | 1 |
_aЛедяева _bН.А. _gНаталья Александровна |
|
| 801 | 0 |
_aRU _bNLR _gpsbo |
|
| 801 | 1 |
_aRU _bELAR _2rusmarc |
|
| 852 |
_aNLR _j81-6/1458 |
||
| 942 | _cBOOK | ||
| 980 | _aNB | ||